[Event "GER-ch 71st"]
[Site "Altenkirchen"]
[Date "1999.11.12"]
[Round "1"]
[White "Bastian, Herbert"]
[Black "Riegler, Dieter"]
[Result "0-1"]
[WhiteElo "2405"]
[BlackElo "2194"]
[EventDate "1999.11.12"]
[PlyCount "118"]

1. e4 c5 2. Nc3 Nc6 3. g3 g6 4. Bg2 Bg7 5. d3 d6 6. f4 e6 7. Nf3 Nge7 8. O-O O-O 9. Be3 b6 10. d4 d5 11. e5 Nf5 12. Bf2 cxd4 13. Ne2 Ba6 14. Re1 Ne3 15. Bxe3 dxe3 16. Ned4 Nxd4 17. Nxd4 e2 18. Qd2 Re8 19. Bf3 Bf8 20. Kg2 Bc5 21. Nb3 Rc8 22. h4 h5 23. Bxe2 Bxe2 24. Rxe2 Kg7 25. Rd1 Qe7 26. Nc1 Qb7 27. Nd3 Be7 28. Kh2 Rc7 29. Qe3 Rec8 30. c3 b5 31. f5 gxf5 32. Nf4 Rh8 33. Qf3 b4 34. Nxh5+ Kf8 35. cxb4 Qxb4 36. Rd3 Qa4 37. Rb3 Rc8 38. Nf4 Kg7 39. Rb7 Kf8 40. Nxd5 Bxh4 41. Kg2 Bxg3 42. Qxg3 Rg8 43. Qxg8+ Kxg8 44. Nf6+ Kg7 45. Rb3 Qc6+ 46. Kg3 Rh8 47. Rg2 Rh6 48. Rb8 Rxf6 49. exf6+ Kxf6 50. Rb3 e5 51. Rd2 f4+ 52. Kg4 Qe6+ 53. Kh4 Kf5 54. Kh3 Qh6+ 55. Kg2 e4 56. Rd5+ Kg4 57. Rd8 f3+ 58. Kg1 Kf4 59. Rg8 Qd6 0-1

[Event "GER-ch 71st"]
[Site "Altenkirchen"]
[Date "1999.11.12"]
[Round "1"]
[White "Bischoff, Klaus"]
[Black "Marchio, Enrico"]
[Result "1-0"]
[WhiteElo "2509"]
[BlackElo "2289"]
[EventDate "1999.11.12"]
[PlyCount "147"]

1. Nf3 d5 2. c4 c6 3. e3 Nf6 4. Nc3 e6 5. b3 Nbd7 6. Bb2 Bd6 7. Be2 O-O 8. Qc2 Qe7 9. O-O Re8 10. Rfd1 dxc4 11. Bxc4 Nb6 12. Be2 e5 13. d3 h6 14. a3 a5 15. Nd2 Bf5 16. Bf3 Bc7 17. Nce4 Nbd7 18. Ng3 Bg6 19. Be2 Nd5 20. Rac1 N5b6 21. Qb1 Bd6 22. Qa1 Nd5 23. Nc4 Bc7 24. Qa2 Qe6 25. h3 N7f6 26. Qa1 h5 27. Nd2 h4 28. Ngf1 Nd7 29. Nf3 Bd8 30. N1d2 f5 31. Re1 e4 32. Nh2 N7f6 33. dxe4 fxe4 34. Ng4 Bc7 35. Nf1 Bf5 36. f3 Rad8 37. Nf2 Re7 38. f4 Red7 39. Bc4 Kh7 40. b4 b5 41. Bb3 Bb6 42. bxa5 Bxa5 43. Re2 Bb6 44. Rec2 c5 45. Rxc5 Bxc5 46. Rxc5 Qb6 47. Bd4 Qa6 48. Qc1 Qb7 49. Be5 Be6 50. Qb1 Bf5 51. Bc2 Qa7 52. Bd4 Qxa3 53. Nxe4 Bxe4 54. Bxe4+ Kg8 55. Bf5 Rd6 56. Qxb5 Nxf4 57. Bxf6 Ne2+ 58. Qxe2 Qxc5 59. Bxd8 Rxd8 60. Qh5 Qe7 61. Bh7+ Kf8 62. Qf5+ Qf6 63. Qxf6+ gxf6 64. Nh2 Kg7 65. Bf5 Rh8 66. Nf3 Rh5 67. e4 Kf7 68. Kf2 Kg7 69. Ke3 Kf7 70. Kf4 Rh8 71. Bg4 Kg6 72. Nd4 Rh6 73. Nf5 Rh8 74. Bf3 1-0

[Event "GER-ch 71st"]
[Site "Altenkirchen"]
[Date "1999.11.12"]
[Round "1"]
[White "Blum, Gernot"]
[Black "Reefschlaeger, Helmut"]
[Result "0-1"]
[WhiteElo "2128"]
[BlackElo "2381"]
[EventDate "1999.11.12"]
[PlyCount "68"]

1. c4 e6 2. e4 d5 3. exd5 exd5 4. d4 Nf6 5. Nf3 Bb4+ 6. Bd2 Bxd2+ 7. Nbxd2 O-O 8. Be2 c6 9. O-O dxc4 10. Bxc4 Nbd7 11. Re1 Nb6 12. Bd3 Nbd5 13. h3 Nf4 14. Bc2 Be6 15. Ne4 Bd5 16. Qd2 Ne6 17. Nxf6+ Qxf6 18. Qd3 g6 19. Ne5 Rad8 20. Qe3 h5 21. Rad1 Kg7 22. Bb3 Bxb3 23. Qxb3 Nxd4 24. Qc4 b5 25. Qc1 Rd5 26. Re4 Rxe5 27. Rexd4 Rfe8 28. Qc3 R8e6 29. Rd7 c5 30. Rxa7 b4 31. Qg3 Rg5 32. Qc7 Qf3 33. Qb7 Rxg2+ 34. Kh1 Qxh3# 0-1

[Event "GER-ch 71st"]
[Site "Altenkirchen"]
[Date "1999.11.12"]
[Round "1"]
[White "Grund, Holger"]
[Black "Krause, Ullrich"]
[Result "1/2-1/2"]
[WhiteElo "2482"]
[BlackElo "2263"]
[EventDate "1999.11.12"]
[PlyCount "95"]

1. e4 e6 2. d4 d5 3. Nc3 Nf6 4. Bg5 Bb4 5. e5 h6 6. Bd2 Bxc3 7. bxc3 Ne4 8. Qg4 g6 9. Bc1 c5 10. Bd3 Nxc3 11. dxc5 Qa5 12. Bd2 Qa4 13. h3 h5 14. Qf3 Ne4 15. Ne2 Nxd2 16. Kxd2 Nd7 17. Rhb1 Qa5+ 18. c3 a6 19. Nd4 Qxc5 20. Qe3 Qe7 21. a4 Nc5 22. Bc2 Bd7 23. Rb6 Kf8 24. Rab1 Kg7 25. Rxb7 Nxb7 26. Rxb7 Rhc8 27. Qf4 Kh7 28. g4 h4 29. g5 Kg8 30. Qxh4 Rab8 31. Nc6 Qc5 32. Rxb8 Qxc6 33. Rxc8+ Bxc8 34. Qd4 Qc7 35. h4 a5 36. f4 Ba6 37. Bd3 Bxd3 38. Kxd3 Qb7 39. Kc2 Qa6 40. Qd3 Qb6 41. Qd4 Qxd4 42. cxd4 Kg7 43. Kd2 Kh7 44. Ke2 Kg7 45. Kf3 Kh7 46. Kg4 Kg7 47. h5 Kh7 48. h6 1/2-1/2

[Event "GER-ch 71st"]
[Site "Altenkirchen"]
[Date "1999.11.12"]
[Round "1"]
[White "Holzhaeuer, Mathias"]
[Black "Dautov, Rustem"]
[Result "1/2-1/2"]
[WhiteElo "2334"]
[BlackElo "2597"]
[EventDate "1999.11.12"]
[PlyCount "78"]

1. e4 e5 2. Nf3 Nc6 3. Bb5 a6 4. Bxc6 dxc6 5. Nc3 f6 6. Ng1 Bd6 7. Nge2 Ne7 8. O-O O-O 9. d3 Ng6 10. f4 f5 11. fxe5 Bxe5 12. d4 Bd6 13. Qd3 fxe4 14. Rxf8+ Bxf8 15. Nxe4 Bf5 16. N2g3 Bxe4 17. Nxe4 Qd5 18. c4 Qd7 19. Be3 Re8 20. Bf2 Qg4 21. Re1 Nf4 22. Qg3 Ne2+ 23. Rxe2 Qxe2 24. Nf6+ Kf7 25. Nxe8 Qd1+ 26. Be1 Qxd4+ 27. Qf2+ Qxf2+ 28. Kxf2 Kxe8 29. Kf3 Bc5 30. Bc3 g6 31. h3 Kd7 32. Ke4 Bd6 33. g4 Ke6 34. b3 b5 35. Bb2 Bg3 36. Bc3 Bh4 37. Bd2 Bf6 38. Be3 Be7 39. Bf2 Bd6 1/2-1/2

[Event "GER-ch 71st"]
[Site "Altenkirchen"]
[Date "1999.11.12"]
[Round "1"]
[White "Janz, Frerik"]
[Black "Heinemann, Thies"]
[Result "1/2-1/2"]
[WhiteElo "2284"]
[BlackElo "2489"]
[EventDate "1999.11.12"]
[PlyCount "96"]

1. c4 c5 2. g3 g6 3. Nf3 Bg7 4. d4 cxd4 5. Nxd4 Nc6 6. Nc2 d6 7. Bg2 Be6 8. Ne3 Nf6 9. Nc3 O-O 10. Rb1 Qd7 11. h4 h5 12. Ned5 Bf5 13. e4 Bg4 14. f3 Be6 15. Bg5 Nh7 16. Be3 Be5 17. f4 Bg4 18. Qd2 Bg7 19. a3 Rfc8 20. b3 Rab8 21. O-O Bh3 22. f5 Bxg2 23. Kxg2 b6 24. Nf4 Ne5 25. Bd4 Nf8 26. Rbd1 Qb7 27. fxg6 fxg6 28. a4 Re8 29. Qe2 e6 30. Nd3 Nfd7 31. Nb5 Bf8 32. Nxe5 Nxe5 33. Bxe5 dxe5 34. g4 a6 35. Nd6 Bxd6 36. Rxd6 Qe7 37. Rd3 Qxh4 38. gxh5 Qxh5 39. Qxh5 gxh5 40. Rh1 Kf7 41. Rxh5 Rg8+ 42. Kf3 Rbf8 43. Ke3 Rg3+ 44. Kd2 Rxd3+ 45. Kxd3 Ke7 46. Rxe5 Rf3+ 47. Kc2 Rf2+ 48. Kc3 Rf3+ 1/2-1/2

[Event "GER-ch 71st"]
[Site "Altenkirchen"]
[Date "1999.11.12"]
[Round "1"]
[White "Jugelt, Tobias"]
[Black "Schmidt, Reiner"]
[Result "1-0"]
[WhiteElo "2401"]
[BlackElo "2144"]
[EventDate "1999.11.12"]
[PlyCount "67"]

1. d4 Nf6 2. c4 g6 3. Nc3 Bg7 4. g3 O-O 5. Bg2 d6 6. Nf3 Nc6 7. O-O a6 8. Qc2 Bg4 9. Rd1 Qc8 10. d5 Na5 11. Qa4 b6 12. Nd4 Bd7 13. Qb4 Nb7 14. Nc6 Qe8 15. Nd4 Nc5 16. Qa3 e5 17. dxe6 fxe6 18. b4 e5 19. Nc2 Ne6 20. Bxa8 Qxa8 21. Nd5 Nxd5 22. Rxd5 Bc6 23. Rd1 Qe8 24. Be3 Qf7 25. Rf1 Qf5 26. Qb3 Qh3 27. f3 e4 28. f4 Bxa1 29. Rxa1 Rf5 30. Rf1 g5 31. Rf2 d5 32. cxd5 Bxd5 33. Qa4 gxf4 34. gxf4 {...} 1-0

[Event "GER-ch 71st"]
[Site "Altenkirchen"]
[Date "1999.11.12"]
[Round "1"]
[White "Kersten, Uwe"]
[Black "Kaster, Martin"]
[Result "0-1"]
[WhiteElo "2366"]
[BlackElo "2072"]
[EventDate "1999.11.12"]
[PlyCount "110"]

1. e4 c6 2. d4 d5 3. e5 Bf5 4. Nf3 e6 5. Be2 h6 6. O-O Qb6 7. b3 a5 8. a4 Na6 9. Na3 Bxa3 10. Bxa3 Nb4 11. c3 Na6 12. Nh4 Bh7 13. f4 Qd8 14. Qe1 Ne7 15. Qg3 Rg8 16. Bd3 Bxd3 17. Qxd3 g6 18. Kh1 Nf5 19. Nf3 h5 20. Ng5 Rh8 21. b4 axb4 22. cxb4 Nc7 23. b5 Rxa4 24. Be7 Qa8 25. Rxa4 Qxa4 26. Bf6 Rg8 27. bxc6 bxc6 28. Qc3 Qc4 29. Qa1 Qxd4 30. Qb1 Qc4 31. Rc1 Qb5 32. Qxb5 Nxb5 33. Rxc6 Kd7 34. Rb6 Rc8 35. Rb7+ Rc7 36. Rxc7+ Kxc7 37. Kg1 Nc3 38. Nxf7 Ne4 39. Bd8+ Kc6 40. Ba5 d4 41. Nh8 Nc3 42. Nxg6 Kb5 43. Nf8 Ng7 44. f5 exf5 45. Bd8 d3 46. Bg5 f4 47. Bxf4 Ne2+ 48. Kf2 Nxf4 49. Ke3 Kc4 50. Nd7 Nge6 51. g4 Nd5+ 52. Kd2 Ng5 53. e6 Nf3+ 54. Kc1 d2+ 55. Kd1 Nc3+ 0-1

[Event "GER-ch 71st"]
[Site "Altenkirchen"]
[Date "1999.11.12"]
[Round "1"]
[White "Lutz, Christopher"]
[Black "Kaeser, Udo"]
[Result "1-0"]
[WhiteElo "2591"]
[BlackElo "2334"]
[EventDate "1999.11.12"]
[PlyCount "93"]

1. e4 c5 2. Nf3 Nc6 3. d4 cxd4 4. Nxd4 e5 5. Nb5 d6 6. c4 Be7 7. Bd3 Be6 8. O-O Rc8 9. b3 Nf6 10. N1c3 a6 11. Na3 O-O 12. Nc2 b5 13. cxb5 Na7 14. Bb2 Nxb5 15. Nxb5 axb5 16. Qe2 Qb6 17. Kh1 Rfd8 18. Ne3 Qb7 19. f3 Rb8 20. Rad1 Nh5 21. Bb1 g6 22. Qf2 Bf8 23. b4 Rdc8 24. a3 Nf6 25. Qd2 Nd7 26. Bd3 Bh6 27. Qe2 Qb6 28. Rfe1 Bb3 29. Ra1 Bxe3 30. Qxe3 Qxe3 31. Rxe3 Bc2 32. Bf1 Kf8 33. Rc1 Ke7 34. Rc3 Rxc3 35. Bxc3 Ba4 36. Bd2 Kd8 37. Rc6 Rb6 38. Bg5+ f6 39. Bxf6+ Ke8 40. Rc8+ Kf7 41. Bg5 Bb3 42. g3 Be6 43. Rc7 Ke8 44. Be3 Ra6 45. Rc8+ Kf7 46. Rc3 Bc4 47. Rxc4 1-0

[Event "GER-ch 71st"]
[Site "Altenkirchen"]
[Date "1999.11.12"]
[Round "1"]
[White "Paulsen, Dirk"]
[Black "Hickl, Joerg"]
[Result "0-1"]
[WhiteElo "2331"]
[BlackElo "2552"]
[EventDate "1999.11.12"]
[PlyCount "62"]

1. d4 d6 2. e4 g6 3. Nc3 Bg7 4. Nge2 c6 5. g3 b5 6. Bg2 e5 7. Be3 Qe7 8. h3 Nf6 9. g4 Bb7 10. a3 O-O 11. O-O Nbd7 12. Ng3 Nb6 13. dxe5 dxe5 14. b3 Nfd7 15. Qe2 Nc5 16. f3 Ne6 17. Qf2 Qc7 18. Rfc1 Nd4 19. Nb1 Rad8 20. Nd2 Qe7 21. c3 Ne6 22. b4 Bf6 23. Bf1 Bg5 24. Nb3 Bxe3 25. Qxe3 Qh4 26. Kh2 Nc4 27. Qf2 Ng5 28. Rc2 Bc8 29. Nh1 Qh6 30. Qg3 Ne3 31. Re2 Rd3 0-1

[Event "GER-ch 71st"]
[Site "Altenkirchen"]
[Date "1999.11.12"]
[Round "1"]
[White "Riediger, Martin"]
[Black "Von Herman, Ulf"]
[Result "0-1"]
[WhiteElo "2230"]
[BlackElo "2407"]
[EventDate "1999.11.12"]
[PlyCount "84"]

1. d4 d5 2. Nf3 Nf6 3. c4 c6 4. e3 e6 5. Bd3 Nbd7 6. O-O Bd6 7. Nc3 O-O 8. e4 dxe4 9. Nxe4 Nxe4 10. Bxe4 h6 11. Bc2 Re8 12. Qd3 Nf8 13. Be3 b6 14. c5 Bc7 15. Rfd1 a5 16. cxb6 Bxb6 17. Ne5 Bb7 18. Rac1 a4 19. Bb1 Qd5 20. Bxh6 f6 21. Qg3 Re7 22. Ng6 Rd7 23. Be3 c5 24. Nxf8 Kxf8 25. Bg6 cxd4 26. Bd2 Ba5 27. Bxa5 Rxa5 28. Qh3 Ke7 29. f3 Qg5 30. Qh7 Qh6 31. Qxh6 gxh6 32. Bd3 Bd5 33. a3 Bb3 34. Rd2 e5 35. Re1 Kd6 36. Kf2 Rc7 37. f4 Re7 38. fxe5+ fxe5 39. g3 Rf7+ 40. Kg2 Rc5 41. Be4 Bd5 42. Bxd5 Kxd5 0-1

[Event "GER-ch 71st"]
[Site "Altenkirchen"]
[Date "1999.11.12"]
[Round "1"]
[White "Schunk, Eduard"]
[Black "Gutman, Lev"]
[Result "1/2-1/2"]
[WhiteElo "2260"]
[BlackElo "2471"]
[EventDate "1999.11.12"]
[PlyCount "159"]

1. e4 c5 2. Nf3 d6 3. c3 Nf6 4. Be2 Bd7 5. d3 g6 6. O-O Bg7 7. Re1 O-O 8. Bf1 Nc6 9. Nbd2 b5 10. d4 cxd4 11. cxd4 Qb6 12. Nb3 d5 13. e5 Ne4 14. Nc5 Bg4 15. Nxe4 dxe4 16. Rxe4 Bxf3 17. Qxf3 f5 18. Rh4 Rad8 19. Qb3+ Kh8 20. Be3 f4 21. Bxf4 Qxd4 22. Bg3 Qd2 23. Qe6 Nxe5 24. Kh1 Qd5 25. Qxd5 Rxd5 26. a4 Nd3 27. Bxd3 Rxd3 28. axb5 Bxb2 29. Rb1 Rfd8 30. h3 Bf6 31. Ra4 Rd1+ 32. Rxd1 Rxd1+ 33. Kh2 Rb1 34. Rxa7 Rxb5 35. Ra2 Kg7 36. Re2 Kf7 37. Bf4 h5 38. g3 g5 39. Bc1 Rb1 40. Be3 Kg6 41. Kg2 Kf5 42. Ra2 Rb4 43. Ra5+ e5 44. Ra6 g4 45. h4 Rb7 46. Ra8 Rf7 47. Ra4 Bg7 48. Rc4 Bf8 49. Ra4 Rf6 50. Ra7 Ke4 51. Rh7 Rf5 52. Rb7 Bd6 53. Rb6 Kd5 54. Rb7 Kc4 55. Kf1 e4 56. Rd7 Bxg3 57. Rd4+ Kc3 58. Rxe4 Bxh4 59. Kg2 Kd3 60. Rd4+ Kc3 61. Rd7 Rb5 62. Bd2+ Kc4 63. f3 Rb2 64. fxg4 Bg5 65. gxh5 Bxd2 66. Kf3 Bc3 67. h6 Rh2 68. h7 Rh4 69. Kg3 Be1+ 70. Kf3 Kc5 71. Re7 Bc3 72. Kg3 Rh1 73. Rc7+ Kd4 74. Kg4 Bb4 75. Kf5 Kd5 76. Kg6 Ke6 77. Rc6+ Kd7 78. Rc1 Rh2 79. Kg7 Ba3 80. Rb1 1/2-1/2

[Event "GER-ch 71st"]
[Site "Altenkirchen"]
[Date "1999.11.12"]
[Round "1"]
[White "Seger, Ruediger"]
[Black "Gottschling, Stefan"]
[Result "1-0"]
[WhiteElo "2412"]
[BlackElo "2243"]
[EventDate "1999.11.12"]
[PlyCount "87"]

1. e4 Nf6 2. e5 Nd5 3. d4 d6 4. Nf3 Bg4 5. Be2 e6 6. O-O Be7 7. h3 Bh5 8. c4 Nb6 9. Nc3 O-O 10. Be3 a5 11. exd6 cxd6 12. b3 d5 13. c5 N6d7 14. Rc1 Nc6 15. Re1 Rc8 16. Qd2 Bxf3 17. gxf3 Bf6 18. Nb5 b6 19. Red1 bxc5 20. dxc5 Be5 21. f4 Bb8 22. f5 Qh4 23. Bg4 Nde5 24. Bg5 Qxg4+ 25. hxg4 Nf3+ 26. Kg2 Nxd2 27. Rxd2 f6 28. Be3 exf5 29. gxf5 Rfd8 30. a3 Rd7 31. Nd4 Nxd4 32. Rxd4 Be5 33. Ra4 Rb7 34. b4 axb4 35. axb4 d4 36. Bd2 Rb5 37. Ra7 g6 38. fxg6 hxg6 39. f4 Bc7 40. Rc4 Bb6 41. Rb7 Rc7 42. Rxb6 Rxb6 43. cxb6 Rxc4 44. b7 1-0

[Event "GER-ch 71st"]
[Site "Altenkirchen"]
[Date "1999.11.12"]
[Round "1"]
[White "Slobodjan, Roman"]
[Black "Bruch, Jochen"]
[Result "1-0"]
[WhiteElo "2550"]
[BlackElo "2320"]
[EventDate "1999.11.12"]
[PlyCount "111"]

1. g3 Nf6 2. Bg2 g6 3. d4 Bg7 4. e4 d6 5. Ne2 O-O 6. O-O e5 7. c3 Re8 8. Nd2 Nbd7 9. Qc2 b6 10. Rd1 Qe7 11. b3 Bb7 12. d5 Rf8 13. Nc4 Rae8 14. Ne3 Bc8 15. a4 Nh5 16. a5 a6 17. c4 Nf4 18. Bf1 f5 19. exf5 Nxe2+ 20. Bxe2 e4 21. Bb2 gxf5 22. Ng2 Ne5 23. Nf4 Ng6 24. Bxg7 Qxg7 25. Qd2 Nxf4 26. Qxf4 bxa5 27. c5 Rd8 28. cxd6 Rxd6 29. Rxa5 Kh8 30. Rc5 Bb7 31. Rdc1 Rf7 32. Bh5 Rfd7 33. Be8 Re7 34. Qxf5 Rxe8 35. Rxc7 Qh6 36. R1c5 e3 37. Rxb7 e2 38. Re7 e1=Q+ 39. Rxe1 Rxe1+ 40. Kg2 Re8 41. Rc8 Rg8 42. Rc7 Rdg6 43. Qe5+ R6g7 44. h4 Qg6 45. d6 h6 46. Re7 Kh7 47. d7 Rd8 48. Re6 Qd3 49. Rd6 Qc2 50. Qe3 Qf5 51. Rxh6+ Kg8 52. Qe8+ Qf8 53. Qh5 Rgxd7 54. Rh8+ Kg7 55. Qh7+ Kf6 56. Rxf8+ 1-0

[Event "GER-ch 71st"]
[Site "Altenkirchen"]
[Date "1999.11.12"]
[Round "1"]
[White "Suhl, Dirk"]
[Black "Jussupow, Artur"]
[Result "1/2-1/2"]
[WhiteElo "2360"]
[BlackElo "2636"]
[EventDate "1999.11.12"]
[PlyCount "71"]

1. Nf3 d5 2. d4 Nf6 3. c4 e6 4. Nc3 Nbd7 5. Bg5 c6 6. e3 Qa5 7. Nd2 dxc4 8. Bxf6 Nxf6 9. Nxc4 Qc7 10. g3 Be7 11. Bg2 O-O 12. Rc1 Rd8 13. Qb3 Bd7 14. O-O Be8 15. Rfd1 Nd5 16. Ne4 b6 17. a3 Rac8 18. Rd2 f6 19. Rdc2 Qd7 20. Ncd2 Rc7 21. Bh3 Bf7 22. Qa4 f5 23. Nc3 c5 24. Qa6 Nxc3 25. Rxc3 e5 26. Nf3 exd4 27. Nxd4 g6 28. Nb5 Rcc8 29. Bf1 c4 30. Qxa7 Qxb5 31. Qxe7 Qxb2 32. Bxc4 Bxc4 33. Rxc4 Qxc1+ 34. Rxc1 Rxc1+ 35. Kg2 Rd2 36. Qe8+ 1/2-1/2

[Event "GER-ch 71st"]
[Site "Altenkirchen"]
[Date "1999.11.12"]
[Round "1"]
[White "Voigt, Roland"]
[Black "Mueller, Karsten"]
[Result "0-1"]
[WhiteElo "2147"]
[BlackElo "2533"]
[EventDate "1999.11.12"]
[PlyCount "74"]

1. e4 d5 2. exd5 Qxd5 3. Nf3 Bg4 4. Be2 Nc6 5. O-O O-O-O 6. d3 e5 7. Bg5 f6 8. Be3 Qd7 9. Nc3 Nge7 10. a3 Be6 11. Ne4 Nf5 12. b4 Be7 13. c3 Kb8 14. a4 Nxe3 15. fxe3 f5 16. Nf2 Bf6 17. e4 f4 18. a5 g5 19. Ne1 Ne7 20. Rb1 Nc8 21. Nc2 h5 22. b5 g4 23. Qc1 Rdg8 24. b6 cxb6 25. axb6 f3 26. Bd1 fxg2 27. Kxg2 h4 28. bxa7+ Ka8 29. Nb4 g3 30. Ng4 h3+ 31. Kg1 Bg5 32. Qb2 Bxg4 33. Nd5 Bxd1 34. Rfxd1 Bd8 35. hxg3 Rxg3+ 36. Kh1 h2 37. Qf2 Qg7 0-1

[Event "GER-ch 71st"]
[Site "Altenkirchen"]
[Date "1999.11.13"]
[Round "2"]
[White "Bruch, Jochen"]
[Black "Blum, Gernot"]
[Result "1-0"]
[WhiteElo "2320"]
[BlackElo "2128"]
[EventDate "1999.11.12"]
[PlyCount "133"]

1. Nf3 c5 2. g3 b6 3. Bg2 Bb7 4. O-O Nf6 5. d3 e6 6. e4 d6 7. Nbd2 Be7 8. Qe2 Qc7 9. c3 O-O 10. Ne1 Nc6 11. f4 Rae8 12. g4 Nd7 13. Ndf3 f5 14. Bh3 Bd8 15. g5 d5 16. Nh4 g6 17. Bd2 c4 18. exd5 exd5 19. Qg2 Rf7 20. d4 Ne7 21. Nef3 Nc8 22. Ne5 Rfe7 23. Bxf5 gxf5 24. Nxf5 Nd6 25. Nxe7+ Rxe7 26. f5 Nxe5 27. f6 Re8 28. dxe5 Rxe5 29. Bf4 Qc5+ 30. Rf2 Rf5 31. Bxd6 Rxf2 32. Qxf2 Qxd6 33. Re1 Qd7 34. Qe2 Bc6 35. Qh5 d4 36. Rf1 Qf7 37. Qxf7+ Kxf7 38. cxd4 Bd5 39. Re1 Be6 40. d5 Bxd5 41. Rd1 Ke6 42. Re1+ Kd7 43. Kf2 b5 44. a3 Bb6+ 45. Kg3 Bc5 46. Kf4 Bf7 47. h4 a5 48. Rh1 Bh5 49. Ke5 Bd6+ 50. Kd4 Kc6 51. Rf1 Bc5+ 52. Ke5 Bf7 53. Rh1 Bd6+ 54. Kd4 Bd5 55. Rf1 Bf8 56. h5 b4 57. axb4 axb4 58. g6 hxg6 59. hxg6 Bc5+ 60. Ke5 Bd6+ 61. Kf5 Kd7 62. f7 c3 63. bxc3 bxc3 64. Kf6 Be7+ 65. Ke5 Bb3 66. g7 Bxf7 67. Rxf7 1-0

[Event "GER-ch 71st"]
[Site "Altenkirchen"]
[Date "1999.11.13"]
[Round "2"]
[White "Gutman, Lev"]
[Black "Janz, Frerik"]
[Result "1-0"]
[WhiteElo "2471"]
[BlackElo "2284"]
[EventDate "1999.11.12"]
[PlyCount "53"]

1. Nf3 Nf6 2. g3 g6 3. Bg2 d5 4. O-O Bg7 5. c4 c6 6. Qb3 O-O 7. d3 Re8 8. Bf4 dxc4 9. dxc4 Nbd7 10. Nc3 e5 11. Be3 h6 12. h3 Qe7 13. Rad1 Bf8 14. Qc2 Nc5 15. b4 Bf5 16. Qc1 Nce4 17. Nxe4 Bxe4 18. Bc5 Qe6 19. Bxf8 Rxf8 20. c5 Bxf3 21. Rd6 Qe7 22. exf3 Kg7 23. f4 e4 24. Qc3 Rfe8 25. g4 g5 26. h4 Kg6 27. Bxe4+ 1-0

[Event "GER-ch 71st"]
[Site "Altenkirchen"]
[Date "1999.11.13"]
[Round "2"]
[White "Heinemann, Thies"]
[Black "Schunk, Eduard"]
[Result "1-0"]
[WhiteElo "2489"]
[BlackElo "2260"]
[EventDate "1999.11.12"]
[PlyCount "89"]

1. e4 e5 2. Nf3 Nc6 3. Bc4 Nf6 4. Ng5 Bc5 5. Bxf7+ Ke7 6. Bb3 Rf8 7. d3 d6 8. Nf3 Qe8 9. h3 Qh5 10. c3 Bg4 11. Nbd2 h6 12. Rh2 Bd7 13. Nf1 g5 14. Be3 Qg6 15. Bxc5 dxc5 16. Ne3 Rae8 17. Qd2 Kd8 18. O-O-O Kc8 19. Ng1 Rd8 20. g4 Na5 21. Qc2 Rfe8 22. f3 h5 23. Ne2 h4 24. Kb1 Kb8 25. Ba4 b5 26. Bb3 Bc6 27. Rhh1 c4 28. dxc4 Nxe4 29. cxb5 Nxb3 30. axb3 Bb7 31. Kc1 Qh7 32. Rxd8+ Rxd8 33. Rd1 Rxd1+ 34. Nxd1 Nf6 35. Qxh7 Nxh7 36. Ng1 e4 37. fxe4 Bxe4 38. Nf2 Bg6 39. Nf3 Kb7 40. c4 a6 41. bxa6+ Kxa6 42. b4 Kb7 43. Kd2 Bb1 44. Ke3 Ba2 45. Kd4 1-0

[Event "GER-ch 71st"]
[Site "Altenkirchen"]
[Date "1999.11.13"]
[Round "2"]
[White "Hickl, Joerg"]
[Black "Seger, Ruediger"]
[Result "1-0"]
[WhiteElo "2552"]
[BlackElo "2412"]
[EventDate "1999.11.12"]
[PlyCount "81"]

1. g3 Nf6 2. Bg2 d5 3. Nf3 g6 4. c4 c6 5. b3 Bg7 6. Bb2 O-O 7. O-O Bg4 8. d3 Nbd7 9. Nbd2 Re8 10. h3 Bxf3 11. Nxf3 e5 12. e3 a5 13. Rb1 e4 14. dxe4 dxe4 15. Nd2 Re6 16. Qc2 Qe7 17. Rfd1 Re8 18. a3 Nf8 19. b4 axb4 20. axb4 Nh5 21. Bxg7 Nxg7 22. c5 f5 23. Nc4 h6 24. Nd6 Rd8 25. b5 Kh7 26. Qc3 Ne8 27. bxc6 bxc6 28. Nxe8 Rxd1+ 29. Rxd1 Qxe8 30. Qa5 Qe7 31. Bf1 Re5 32. Rb1 Rxc5 33. Qa8 Kg8 34. Rb7 Qf6 35. Qa2+ Qe6 36. Qa1 Qe5 37. Bc4+ Kh8 38. Qa8 Qd6 39. Rd7 Ra5 40. Qd8 Qa3 41. Qf6# 1-0

[Event "GER-ch 71st"]
[Site "Altenkirchen"]
[Date "1999.11.13"]
[Round "2"]
[White "Jussupow, Artur"]
[Black "Holzhaeuer, Mathias"]
[Result "1-0"]
[WhiteElo "2636"]
[BlackElo "2334"]
[EventDate "1999.11.12"]
[PlyCount "61"]

1. d4 Nf6 2. c4 e6 3. Nc3 Bb4 4. e3 c5 5. Bd3 Nc6 6. Nge2 d5 7. cxd5 exd5 8. O-O O-O 9. a3 cxd4 10. exd4 Bd6 11. h3 h6 12. Bc2 Ne7 13. Ng3 Be6 14. Be3 a6 15. Qd2 Qd7 16. Bxh6 gxh6 17. Qxh6 Ng6 18. f4 Qc7 19. Nge2 Rfe8 20. f5 Bf8 21. Qg5 Nh7 22. Qd2 Nh4 23. fxe6 fxe6 24. Rf4 Qe7 25. Raf1 Bg7 26. Rf7 Qd8 27. Qf4 Ng5 28. Rxg7+ Kxg7 29. Qe5+ Kg8 30. Rf6 Nh7 31. Bxh7+ 1-0

[Event "GER-ch 71st"]
[Site "Altenkirchen"]
[Date "1999.11.13"]
[Round "2"]
[White "Kaeser, Udo"]
[Black "Dettmann, Gerd"]
[Result "1/2-1/2"]
[WhiteElo "2334"]
[BlackElo "2184"]
[EventDate "1999.11.12"]
[PlyCount "107"]

1. e4 g6 2. Nc3 Bg7 3. d4 d6 4. f4 Nd7 5. Nf3 Nb6 6. Bd3 Bg4 7. Be3 e6 8. h3 Bxf3 9. Qxf3 Ne7 10. Ne2 d5 11. e5 Qd7 12. g4 f5 13. exf6 Bxf6 14. b3 O-O-O 15. O-O-O Rhf8 16. h4 Qd6 17. Kb1 Nc6 18. c3 Qa3 19. Bc1 Qe7 20. Qe3 Rde8 21. h5 Qf7 22. hxg6 hxg6 23. Rh6 Ne7 24. Ba3 Bg7 25. Rh3 Nd7 26. Rdh1 Nf6 27. Qf3 Rg8 28. Bc2 Kb8 29. Rh4 b6 30. Qe3 Nd7 31. Bxe7 Rxe7 32. Qd3 Nf8 33. a4 Re8 34. Kb2 Qe7 35. g5 c5 36. Qb5 Rc8 37. a5 Qc7 38. axb6 axb6 39. dxc5 Qxc5 40. Qxc5 Rxc5 41. Bd3 e5 42. fxe5 Bxe5 43. Nd4 Rc8 44. Ba6 Rc7 45. Bb5 Kb7 46. R4h3 Rgg7 47. Rf3 Rh7 48. Rxh7 Nxh7 49. Ne6 Re7 50. Rf7 Rxf7 51. Nd8+ Kc7 52. Nxf7 Bf4 53. Bd3 Nf8 54. Nh8 1/2-1/2

[Event "GER-ch 71st"]
[Site "Altenkirchen"]
[Date "1999.11.13"]
[Round "2"]
[White "Kaster, Martin"]
[Black "Grund, Holger"]
[Result "0-1"]
[WhiteElo "2072"]
[BlackElo "2482"]
[EventDate "1999.11.12"]
[PlyCount "108"]

1. d4 d5 2. Nf3 Nf6 3. e3 Bg4 4. Be2 e6 5. Ne5 Bxe2 6. Qxe2 Bd6 7. Nd2 O-O 8. f4 c5 9. O-O Nfd7 10. c3 f6 11. Nxd7 Qxd7 12. Nf3 Nc6 13. Rd1 Qf7 14. a3 Rac8 15. b4 cxd4 16. cxd4 Qg6 17. Qd3 Qxd3 18. Rxd3 Nb8 19. Bd2 Nd7 20. Bc3 Rc7 21. Ne1 Rfc8 22. Bd2 Nb6 23. Ra2 h6 24. Rb3 Na4 25. Kf1 g5 26. Nd3 b6 27. Ke2 Kf7 28. Rb1 Kg6 29. g3 h5 30. Rf1 gxf4 31. gxf4 Kf5 32. Ne1 Nc3+ 33. Bxc3 Rxc3 34. Kf3 Rb3 35. Ng2 Kg6 36. Rg1 Kf7 37. Ne1 Rcc3 38. Rag2 Rxe3+ 39. Kf2 Bf8 40. Rg3 Rxg3 41. Rxg3 Rb2+ 42. Kg1 Bd6 43. Nd3 Rd2 44. h3 h4 45. Rf3 Kg6 46. f5+ exf5 47. Kf1 Bg3 48. b5 Kg5 49. Nb4 Rxd4 50. Ke2 Bd6 51. Nc6 Ra4 52. Rd3 Rxa3 53. Rxd5 Bc5 54. Rd7 a6 0-1

[Event "GER-ch 71st"]
[Site "Altenkirchen"]
[Date "1999.11.13"]
[Round "2"]
[White "Krause, Ullrich"]
[Black "Bastian, Herbert"]
[Result "1-0"]
[WhiteElo "2263"]
[BlackElo "2405"]
[EventDate "1999.11.12"]
[PlyCount "69"]

1. c4 e5 2. Nc3 Nc6 3. Nf3 f5 4. d4 e4 5. Ng5 Nf6 6. Nh3 d5 7. Bg5 dxc4 8. e3 h6 9. Bxf6 Qxf6 10. Nf4 Bd6 11. Qh5+ Kd8 12. Ng6 Re8 13. Bxc4 Na5 14. Bb5 c6 15. Ba4 Be6 16. d5 Bf7 17. dxc6 bxc6 18. O-O-O Bxg6 19. Qe2 Ke7 20. Bxc6 Kf8 21. Bxa8 Rxa8 22. Qb5 Bc7 23. Qc5+ Qe7 24. Qxe7+ Kxe7 25. Nd5+ Kf8 26. Nxc7 Rc8 27. Rd7 Be8 28. Rhd1 Bxd7 29. Rxd7 Nb7 30. b4 a5 31. Kb2 Kg8 32. Ne6 Rb8 33. b5 g5 34. g4 f4 35. Kc3 1-0

[Event "GER-ch 71st"]
[Site "Altenkirchen"]
[Date "1999.11.13"]
[Round "2"]
[White "Marchio, Enrico"]
[Black "Paulsen, Dirk"]
[Result "0-1"]
[WhiteElo "2289"]
[BlackElo "2331"]
[EventDate "1999.11.12"]
[PlyCount "94"]

1. c4 e5 2. Nc3 Nf6 3. Nf3 d6 4. g3 g6 5. Bg2 Bg7 6. O-O O-O 7. d4 Nbd7 8. h3 c6 9. e4 Re8 10. Rb1 Qc7 11. Be3 a6 12. c5 dxc5 13. dxe5 Nxe5 14. Bxc5 Rd8 15. Qe2 Nxf3+ 16. Qxf3 Nd7 17. Be3 Ne5 18. Qe2 Be6 19. b3 Qa5 20. Na4 Qb5 21. Qc2 Nd3 22. a3 Bd4 23. Bxd4 Rxd4 24. Rfd1 Rad8 25. Bf1 c5 26. Rxd3 Rxd3 27. Nxc5 Rd1 28. Rxd1 Rxd1 29. Qxd1 Qxc5 30. b4 Qc3 31. Qd3 Qa1 32. Kg2 h5 33. f4 Qb2+ 34. Kf3 Bb3 35. f5 gxf5 36. exf5 Qxa3 37. Qd8+ Kh7 38. Qf8 Bd5+ 39. Kf4 Qf3+ 40. Kg5 Qxg3+ 41. Kf6 Qc3+ 42. Kg5 Qc1+ 43. Kf6 Qa1+ 44. Kg5 Qxf1 45. Qh6+ Kg8 46. Qxh5 Qc1+ 47. Kf6 Qc3+ 0-1